header

Spiritualities of life (Record no. 4425)

MARC details
000 -LEADER
fixed length control field 01542nam a2200373 a 4500
082 04 - DEWEY DECIMAL CLASSIFICATION NUMBER
Classification number 204.09/03
100 1# - MAIN ENTRY--AUTHOR NAME
Personal name Heelas, Paul.
245 10 - TITLE STATEMENT
Title Spiritualities of life
260 ## - PUBLICATION, DISTRIBUTION, ETC. (IMPRINT)
Place of publication Malden, MA :
Name of publisher Blackwell Pub.,
Year of publication 2008.
300 ## - PHYSICAL DESCRIPTION
Number of Pages xii, 282 p.
490 1# - SERIES STATEMENT
Series statement Religion and spirituality in the modern world
650 #0 - SUBJECT ADDED ENTRY--TOPICAL TERM
Topical Term Spirituality
856 40 - ELECTRONIC LOCATION AND ACCESS
Uniform Resource Identifier http://site.ebrary.com/lib/rucke/Doc?id=10279072

No items available.

© 2026 Rongo University
Contact us: librarian | system librarian | Rongo university